| 000 | 00999nam a2200265 i 4500 | ||
|---|---|---|---|
| 001 | 000026389 | ||
| 003 | DO-SdBNP | ||
| 005 | 20250219172306.0 | ||
| 007 | ta | ||
| 008 | 110316s2008 dr ad 000 0 spa d | ||
| 040 |
_aDO-SdBNP _bspa _cBNPHU _erda |
||
| 082 | 4 |
_a330.97293 _bA532d, 2008 _222 |
|
| 245 | 0 | 0 | _aAnálisis del desempeño económico y social de la República Dominicana enero - junio 2007 |
| 264 |
_aSanto Domingo : _bSEEPyD, _c2008. |
||
| 300 |
_a55 páginas : _bilustraciones, diagrámas ; _c27 cm. |
||
| 336 |
_2rdacontent _atexto _btxt |
||
| 337 |
_2rdamedia _asin mediación _bnc |
||
| 338 |
_2rdacarrier _avolumen _bn |
||
| 590 | _aInventariado, 2018/ YL | ||
| 651 | 4 |
_aRepública Dominicana _xCondiciones económicas _y2007 _953421 |
|
| 651 | 4 |
_aRepública Dominicana _xCondiciones sociales _y2007 _953422 |
|
| 710 | 1 |
_aRepública Dominicana. _bSecretaría de Estado de Economía Planificación y Desarrollo _91941 |
|
| 910 | _aValidado. Control de calidad MFF | ||
| 942 |
_2ddc _cLF2 |
||
| 999 |
_c25881 _d25881 |
||